Normal view
MARC view
- Cropley, David H
Entry Personal Name
001 - CONTROL NUMBER
- control field: 104029
003 - CONTROL NUMBER IDENTIFIER
- control field: NUST
005 - DATE AND TIME OF LATEST TRANSACTION
- control field: 20221202150041.0
008 - FIXED-LENGTH DATA ELEMENTS
- fixed length control field: 221202|| aca||aabn | a|a d
040 ## - CATALOGING SOURCE
- Original cataloging agency: NUST
- Transcribing agency: NUST
100 ## - HEADING--PERSONAL NAME
- Personal name: Cropley, David H
670 ## - SOURCE DATA FOUND
- Source citation: Work cat.: (NUST): Cropley, David H, Creativity In Engineering:, 2015.
